00384nam a22001337a 450000500170000000800410001704100230005808200120008110000220009324500310011526000470014630000310019365000260022420240805064602.0240805b |||||||| |||| 00| 0 eng d aEnglish/Afrikaans  a349 SOU lEnglish/Afrikaans aSouth African Law Reports  aJohannesburg: bDigma Publications, c1927 bxxiv, 502 pages; c25 cm.  aLegal practice bLaw